[Event "OLNO 2324 SC Kreuzberg - Mattnetz Berlin"]
[Site "?"]
[Date "2024.01.14"]
[Round "4.2"]
[White "Matthes, Aaron"]
[Black "Tscheuschner, Georg"]
[Result "1/2-1/2"]
[WhiteElo "2216"]
[BlackElo "2253"]
[PlyCount "129"]
[EventDate "2024.??.??"]

1. d4 Nf6 2. c4 e6 3. Nf3 d5 4. g3 dxc4 5. Bg2 c5 6. O-O Nc6 7. Ne5 cxd4 8. Nxc6 bxc6 9. Bxc6+ Bd7 10. Bxa8 Qxa8 11. Qxd4 Be7 12. Be3 O-O 13. Nc3 Qc6 14. Rfd1 Bc8 15. f3 Bb7 16. Kf1 Re8 17. Qxa7 e5 18. Bf2 e4 19. fxe4 Nxe4 20. Qa4 Nxg3+ 21. hxg3 Qh1+ 22. Bg1 Qg2+ 23. Ke1 Qxg1+ 24. Kd2 Qd4+ 25. Kc1 Bg5+ 26. Kb1 Qe3 27. a3 Qe6 28. Qb5 Be4+ 29. Ka2 Bf6 30. Rac1 Bg6 31. Qd5 Qg4 32. Qd7 Qxd7 33. Rxd7 h5 34. Nd5 Bg5 35. Rxc4 Rxe2 36. Nf4 Bxf4 37. Rxf4 Re3 38. g4 hxg4 39. Rxg4 Bf5 40. Rd8+ Kh7 41. Rg1 Be6+ 42. Ka1 g5 43. a4 Re4 44. Kb1 g4 45. a5 Ra4 46. Rh1+ Kg6 47. Rg8+ Kf5 48. Kc2 Kf4 49. Rf1+ Ke3 50. Rg5 Rc4+ 51. Kb1 Ke2 52. Rf6 Ra4 53. Kc2 Rc4+ 54. Kb3 Rf4+ 55. Rxe6+ fxe6 56. a6 Kf3 57. a7 Rf8 58. Kc3 g3 59. b4 Ra8 60. Rg7 g2 61. Kd3 Kf2 62. Rf7+ Ke1 63. Rg7 Kf2 64. Rf7+ Ke1 65. Rg7 1/2-1/2

[Event "OLNO 2324 SC Kreuzberg - Mattnetz Berlin"]
[Site "?"]
[Date "2024.01.14"]
[Round "4.3"]
[White "Bui, Bao Anh Le"]
[Black "Groetzbach, Julian"]
[Result "0-1"]
[WhiteElo "2192"]
[BlackElo "2244"]
[PlyCount "152"]
[EventDate "2024.??.??"]

1. e4 e5 2. Nf3 Nc6 3. Bc4 Bc5 4. O-O Nf6 5. d3 h6 6. a4 a5 7. Nc3 O-O 8. Be3 Bb4 9. Nd5 Bd6 10. c3 Nxd5 11. Bxd5 Ne7 12. Bb3 Ng6 13. d4 Qe7 14. Nd2 b6 15. Qh5 Kh7 16. Nf3 f6 17. Qf5 Qe8 18. Nh4 Be7 19. f4 exf4 20. Rxf4 d6 21. Qxg6+ Qxg6 22. Nxg6 Kxg6 23. Raf1 Kh7 24. e5 Ba6 25. R1f3 fxe5 26. Rf7 Rxf7 27. Rxf7 Rf8 28. Rxf8 Bxf8 29. Bc2+ g6 30. Kf2 Kg7 31. b4 Kf6 32. Be4 Bc4 33. Bc6 Ke6 34. h4 Bg7 35. bxa5 bxa5 36. dxe5 dxe5 37. Bc5 Bf6 38. g3 Be7 39. Be3 g5 40. h5 Bd5 41. Be8 Kf5 42. Ba7 Ba3 43. Be3 Be7 44. Ba7 Bd6 45. Bb5 Bf7 46. Bd3+ e4 47. Be2 g4 48. Be3 Bxh5 49. Bxh6 Be8 50. Bd1 Bd7 51. Be3 Ke5 52. Bf4+ Kf5 53. Be3 Be6 54. Bd4 Ba3 55. Bc2 Bc4 56. Ke1 Bd6 57. Kf2 Be7 58. Be3 Bf6 59. Bd4 Bg5 60. Be3 Be7 61. Bd4 Bd5 62. Ba7 Bc6 63. Bd4 Bd6 64. Ba7 Bf8 65. Bd4 Ba3 66. Ke1 Ke6 67. Ke2 Bd5 68. Ke1 Kd6 69. Be3 Bb2 70. Kd2 Ba3 71. Ke1 Kc6 72. Bd1 Be6 73. Bc2 Bf5 74. Ke2 Bd6 75. Kf2 Be5 76. Bd2 e3+ 0-1

[Event "OLNO 2324 SC Kreuzberg - Mattnetz Berlin"]
[Site "?"]
[Date "2024.01.14"]
[Round "4.4"]
[White "Moritz, Aron"]
[Black "Petersen, Marcel"]
[Result "1/2-1/2"]
[WhiteElo "2204"]
[BlackElo "2105"]
[PlyCount "80"]
[EventDate "2024.??.??"]

1. e4 e6 2. d4 d5 3. Nd2 a6 4. Bd3 c5 5. dxc5 Bxc5 6. Ngf3 Nf6 7. Qe2 O-O 8. e5 Nfd7 9. Nb3 Be7 10. h4 f5 11. Bf4 Nc6 12. c3 Nc5 13. Nxc5 Bxc5 14. O-O-O b5 15. Kb1 Bd7 16. Rdg1 d4 17. cxd4 Nxd4 18. Nxd4 Bxd4 19. g4 Bc6 20. Rh3 Ra7 21. gxf5 exf5 22. h5 Bd5 23. Be3 Be6 24. Bc2 Qd5 25. Bxd4 Qxa2+ 26. Kc1 Qa1+ 27. Kd2 Qxg1 28. Bxa7 Bc4 29. Qe3 Rd8+ 30. Bd4 Qg4 31. f4 Qg2+ 32. Kc1 Qf1+ 33. Kd2 Qg2+ 34. Kc1 Qf1+ 35. Bd1 Rc8 36. Kd2 Qg2+ 37. Ke1 Qf1+ 38. Kd2 Qg2+ 39. Ke1 Qf1+ 40. Kd2 Qg2+ 1/2-1/2

[Event "OLNO 2324 SC Kreuzberg - Mattnetz Berlin"]
[Site "?"]
[Date "2024.01.14"]
[Round "4.5"]
[White "Fartmann, Oliver"]
[Black "Glienke, Manfred"]
[Result "1-0"]
[WhiteElo "2072"]
[BlackElo "2193"]
[PlyCount "47"]
[EventDate "2024.??.??"]

1. d4 Nf6 2. c4 e6 3. Nf3 d5 4. Nc3 Be7 5. Bf4 O-O 6. e3 c5 7. dxc5 Bxc5 8. a3 a6 9. Qc2 dxc4 10. Rd1 Nbd7 11. Bxc4 b5 12. Ba2 Qb6 13. Bb1 g6 14. h4 Re8 15. h5 b4 16. hxg6 hxg6 17. Ne4 Be7 18. Neg5 Qc5 19. Rh8+ Kg7 20. Rh7+ Kg8 21. Rh8+ Kg7 22. Nxe6+ fxe6 23. Qxg6+ Kxh8 24. Ng5 1-0

[Event "OLNO 2324 SC Kreuzberg - Mattnetz Berlin"]
[Site "?"]
[Date "2024.01.14"]
[Round "4.6"]
[White "Dathe, Frederick"]
[Black "Pererva, Viktor"]
[Result "1-0"]
[WhiteElo "2142"]
[BlackElo "2024"]
[PlyCount "87"]
[EventDate "2024.??.??"]

1. c4 e6 2. Nf3 d5 3. g3 dxc4 4. Bg2 Nf6 5. Qa4+ c6 6. Qxc4 b5 7. Qc2 Bb7 8. d4 Nbd7 9. O-O c5 10. a4 a6 11. Bg5 Rc8 12. axb5 axb5 13. Qb3 Bd5 14. Qxb5 Rb8 15. Qa5 Qxa5 16. Rxa5 Rxb2 17. Nc3 Bd6 18. dxc5 Bxc5 19. Bxf6 gxf6 20. Nxd5 exd5 21. Rc1 O-O 22. Raxc5 Nxc5 23. Rxc5 Rb1+ 24. Bf1 Ra8 25. Rxd5 Raa1 26. Nd2 Re1 27. Kg2 Rad1 28. Rd3 Kg7 29. f3 Ra1 30. Kf2 Red1 31. Bg2 Ra2 32. Ke3 Rg1 33. Bh3 Rc1 34. f4 Kg6 35. Bg4 Rh1 36. Nf3 Rb1 37. Nh4+ Kg7 38. Rd8 Rb3+ 39. Kf2 f5 40. Nxf5+ Kg6 41. Rd6+ f6 42. Nh4+ Kh6 43. Nf5+ Kg6 44. Rd7 1-0

[Event "OLNO 2324 SC Kreuzberg - Mattnetz Berlin"]
[Site "?"]
[Date "2024.01.14"]
[Round "4.7"]
[White "Pixa, Richard"]
[Black "Holzapfel, Daniel"]
[Result "1/2-1/2"]
[WhiteElo "2042"]
[BlackElo "2247"]
[PlyCount "75"]
[EventDate "2024.??.??"]

1. e4 c6 2. d4 d5 3. e5 Bf5 4. Nd2 e6 5. Nb3 c5 6. dxc5 Bxc5 7. Nxc5 Qa5+ 8. c3 Qxc5 9. Be3 Qc7 10. f4 Ne7 11. Nf3 Nbc6 12. Be2 O-O 13. O-O Rad8 14. Kh1 b6 15. Qe1 Bg4 16. Rd1 Nf5 17. Bg1 f6 18. Nd4 Bxe2 19. Qxe2 Ncxd4 20. Bxd4 Nxd4 21. cxd4 fxe5 22. Rc1 Qd6 23. fxe5 Rxf1+ 24. Rxf1 Qd7 25. Qf3 Qe7 26. g3 Rf8 27. Qxf8+ Qxf8 28. Rxf8+ Kxf8 29. Kg2 g5 30. Kf3 Kg7 31. Ke3 Kf7 32. Kd3 Ke7 33. Kc3 Kd7 34. Kb4 Kc6 35. g4 a6 36. h3 Kc7 37. a4 a5+ 38. Kc3 1/2-1/2

[Event "OLNO 2324 SC Kreuzberg - Mattnetz Berlin"]
[Site "?"]
[Date "2024.01.14"]
[Round "4.8"]
[White "Flood, Yosime"]
[Black "Teschke, Max"]
[Result "0-1"]
[WhiteElo "1870"]
[BlackElo "1824"]
[PlyCount "124"]
[EventDate "2024.??.??"]

1. b3 g6 2. Bb2 Nf6 3. Nf3 Bg7 4. g3 d6 5. d4 Nbd7 6. Bg2 c6 7. O-O O-O 8. a4 a5 9. Nbd2 Qc7 10. e4 e5 11. c3 d5 12. dxe5 Nxe4 13. Nxe4 dxe4 14. Ng5 Nxe5 15. Nxe4 Rd8 16. Qc2 f5 17. Ng5 h6 18. Nf3 Be6 19. c4 Nxf3+ 20. Bxf3 Bxb2 21. Qxb2 Qg7 22. Qe2 Qf6 23. Rad1 Bf7 24. Qe3 Re8 25. Qb6 Qc3 26. Kg2 Qb4 27. Qxb4 axb4 28. Rd7 Rab8 29. a5 Be6 30. Rc7 Rec8 31. Re7 Re8 32. Rxe8+ Rxe8 33. a6 bxa6 34. Bxc6 Rd8 35. Ra1 Rd3 36. Rxa6 Kf7 37. Ba4 f4 38. Ra7+ Kf6 39. h4 f3+ 40. Kh2 Rd2 41. g4 Bxg4 42. Kg3 h5 43. Ra6+ Ke5 44. Ra5+ Ke6 45. Rb5 Rd1 46. Rxb4 Rh1 47. Kf4 Rxh4 48. Rb6+ Kf7 49. Kg5 Rh2 50. Rb7+ Ke6 51. Bd7+ Ke5 52. Bxg4 Rg2 53. Rb5+ Ke4 54. c5 Rxg4+ 55. Kf6 Kd5 56. b4 Rg2 57. Rb6 Rxf2 58. Rd6+ Ke4 59. Kxg6 Rb2 60. Kxh5 Rxb4 61. Kg4 f2 62. Rf6 Ke5+ 0-1

[Event "OLNO 2324 SF Berlin II - SC Kreuzberg"]
[Site "?"]
[Date "2024.02.04"]
[Round "5.1"]
[White "Glantz, Robert"]
[Black "Florstedt, Johannes"]
[Result "1-0"]
[WhiteElo "2358"]
[BlackElo "2357"]
[PlyCount "53"]
[EventDate "2024.??.??"]

1. e4 c5 2. Nf3 d6 3. Bb5+ Nd7 4. Ba4 Ngf6 5. O-O e6 6. d3 a6 7. c4 Be7 8. Nc3 O-O 9. Qe2 b5 10. cxb5 Nb6 11. Bc2 axb5 12. Nxb5 Ba6 13. Nc3 d5 14. e5 Nfd7 15. Re1 h6 16. Qd1 f6 17. exf6 Rxf6 18. a4 Qc7 19. a5 Nc8 20. d4 Bb7 21. Qd3 Nf8 22. dxc5 Ba6 23. Nxd5 exd5 24. Qxd5+ Kh8 25. Bb3 Ne6 26. Rxe6 Qd8 27. Qxd8+ 1-0

[Event "OLNO 2324 SF Berlin II - SC Kreuzberg"]
[Site "?"]
[Date "2024.02.04"]
[Round "5.2"]
[White "Ahmadinia, Ebrahim"]
[Black "Dubessay, Bastien"]
[Result "1/2-1/2"]
[WhiteElo "2442"]
[BlackElo "2261"]
[PlyCount "58"]
[EventDate "2024.??.??"]

1. e4 c6 2. Nc3 d5 3. Nf3 dxe4 4. Nxe4 Nf6 5. Qe2 Nxe4 6. Qxe4 Be6 7. Be2 Nd7 8. O-O Nf6 9. Qh4 Bf5 10. Qa4 Bg4 11. d3 e6 12. Bg5 b5 13. Qa6 Qb6 14. Qxb6 axb6 15. h3 Bxf3 16. Bxf3 Kd7 17. a3 Ra4 18. Rfc1 Bd6 19. c4 bxc4 20. Rxc4 Rxc4 21. dxc4 Kc7 22. Rd1 Ra8 23. Kf1 Ra4 24. Rc1 Nd7 25. Bd1 Ra8 26. Be3 Bc5 27. Ke2 e5 28. Bxc5 Nxc5 29. Bc2 Ne6 1/2-1/2

[Event "OLNO 2324 SF Berlin II - SC Kreuzberg"]
[Site "?"]
[Date "2024.02.04"]
[Round "5.3"]
[White "Matthes, Aaron"]
[Black "Lauber, Arnd"]
[Result "1/2-1/2"]
[WhiteElo "2184"]
[BlackElo "2404"]
[PlyCount "186"]
[EventDate "2024.??.??"]

1. e4 c6 2. d4 d5 3. exd5 cxd5 4. Bd3 Nc6 5. c3 Nf6 6. Bf4 Bg4 7. Qb3 Qc8 8. Nd2 e6 9. Ngf3 Be7 10. O-O Bh5 11. Rfe1 O-O 12. h3 a6 13. Ne5 Nxe5 14. Bxe5 Bg6 15. Bxg6 hxg6 16. Bxf6 gxf6 17. c4 Rd8 18. Rac1 Qd7 19. cxd5 Qxd5 20. Rc7 Qxb3 21. Nxb3 Bb4 22. Rec1 Rab8 23. Kf1 Bd6 24. R7c2 Kg7 25. Ke2 Rh8 26. Rd1 Rh5 27. Nc5 Rd5 28. Ne4 Rd8 29. Nxd6 R8xd6 30. Ke3 g5 31. Rd3 f5 32. Rc5 f4+ 33. Ke2 Kg6 34. Rxd5 Rxd5 35. Rb3 b5 36. Ra3 Rd6 37. g4 f5 38. Ra5 Kf6 39. a4 Rxd4 40. axb5 Rd5 41. Rxa6 Rxb5 42. Ra2 Rb3 43. f3 Re3+ 44. Kf2 Rd3 45. Ke2 Rb3 46. Kf2 Rb6 47. Ke2 e5 48. b4 fxg4 49. hxg4 Rxb4 50. Ra6+ Kf7 51. Kd3 Rd4+ 52. Ke2 e4 53. fxe4 Rxe4+ 54. Kf2 Re3 55. Ra5 Kf6 56. Ra6+ Ke5 57. Ra5+ Ke4 58. Ra4+ Ke5 59. Ra5+ Kf6 60. Ra6+ Re6 61. Ra5 Rd6 62. Rf5+ Kg6 63. Ra5 Rd3 64. Ra6+ Kf7 65. Ra5 Kf6 66. Ra6+ Ke5 67. Rg6 Ra3 68. Rxg5+ Ke4 69. Rb5 Ra2+ 70. Kf1 f3 71. g5 Ke3 72. Rb1 Rh2 73. Kg1 Rg2+ 74. Kf1 Rh2 75. Kg1 Rh5 76. Rb3+ Kf4 77. g6 Rg5+ 78. Kf2 Rg2+ 79. Kf1 Rxg6 80. Rb8 Kg3 81. Rb7 Rg5 82. Rb8 Rg4 83. Rb7 Ra4 84. Rg7+ Kf4 85. Rf7+ Ke3 86. Re7+ Re4 87. Rxe4+ Kxe4 88. Kf2 Kf4 89. Kf1 Kg4 90. Kf2 Kf4 91. Kf1 Kg3 92. Kg1 f2+ 93. Kf1 Kf3 1/2-1/2

[Event "OLNO 2324 SF Berlin II - SC Kreuzberg"]
[Site "?"]
[Date "2024.02.04"]
[Round "5.4"]
[White "Polzin, Rainer"]
[Black "Groetzbach, Julian"]
[Result "0-1"]
[WhiteElo "2409"]
[BlackElo "2253"]
[PlyCount "68"]
[EventDate "2024.??.??"]

1. e4 e5 2. Nc3 Nf6 3. d4 exd4 4. Qxd4 Nc6 5. Qd3 Bc5 6. Bf4 d6 7. f3 Nh5 8. Bg3 Nxg3 9. hxg3 Nb4 10. Qe2 Qg5 11. g4 Be6 12. Nh3 Qh4+ 13. Kd1 O-O-O 14. a3 Nc6 15. Qe1 Qf6 16. Kc1 Bd4 17. Bd3 h6 18. Kb1 Rhe8 19. Qd2 Kb8 20. Bb5 d5 21. Bxc6 bxc6 22. exd5 cxd5 23. Nb5 Bb6 24. a4 a6 25. a5 Bc5 26. b4 Bd7 27. bxc5 Bxb5 28. Nf4 Ka7 29. Ra3 Bc4 30. c3 d4 31. g3 Re3 32. Rc1 Rxf3 33. Ra4 dxc3 34. Qg2 Rb8+ 0-1

[Event "OLNO 2324 SF Berlin II - SC Kreuzberg"]
[Site "?"]
[Date "2024.02.04"]
[Round "5.5"]
[White "Moritz, Aron"]
[Black "Ahlander, Bjorn"]
[Result "1-0"]
[WhiteElo "2212"]
[BlackElo "2370"]
[PlyCount "165"]
[EventDate "2024.??.??"]

1. e4 c5 2. Nf3 d6 3. d4 cxd4 4. Nxd4 Nf6 5. Nc3 a6 6. a4 e5 7. Nf3 Be7 8. Bg5 Be6 9. Bxf6 Bxf6 10. Nd5 O-O 11. Bc4 Nd7 12. O-O Rc8 13. b3 Nc5 14. Re1 Bg4 15. h3 Bh5 16. Nxf6+ Qxf6 17. Re3 Kh8 18. Bd5 Qe7 19. Qd2 Ne6 20. Bxe6 fxe6 21. Ne1 Qf6 22. c4 Rcd8 23. f3 d5 24. cxd5 exd5 25. exd5 Bf7 26. Qc3 Rc8 27. Qb2 Qb6 28. Qf2 Bxd5 29. Rxe5 Qf6 30. Qe3 Bf7 31. Rb1 Rfe8 32. f4 h6 33. Nf3 Red8 34. Re1 Bd5 35. Nd4 Bf7 36. f5 Rd6 37. Ne6 Rc2 38. Re2 Rc8 39. Kh2 Rdc6 40. Qg3 Rc3 41. R2e3 Rc1 42. Qg4 Rf1 43. Nf4 Qd6 44. f6 Rg8 45. fxg7+ Rxg7 46. Qf5 Qf8 47. Re8 Qxe8 48. Rxe8+ Bxe8 49. Ng6+ Rxg6 50. Qxf1 Kg7 51. Qe2 Bc6 52. Qe7+ Kg8 53. g4 Rg7 54. Qe6+ Kh7 55. Kg3 Rd7 56. Kf4 Kg7 57. Qe5+ Kg6 58. Qf5+ Kg7 59. Qe5+ Kg6 60. Qh8 Bd5 61. b4 Bc6 62. h4 Rf7+ 63. Ke5 Re7+ 64. Kd6 Re4 65. Qg8+ Kf6 66. Qf8+ Kg6 67. Qg8+ Kf6 68. Qf8+ Kg6 69. Qf5+ Kg7 70. b5 Rd4+ 71. Kc7 Rxa4 72. bxc6 bxc6 73. Kxc6 Rc4+ 74. Kd6 Rb4 75. Qe5+ Kh7 76. Qe7+ Kg8 77. Ke5 Rb5+ 78. Kf6 Rb6+ 79. Kf5 Rb5+ 80. Kg6 Rb6+ 81. Kh5 Rb5+ 82. Kxh6 Rb6+ 83. Kh5 1-0

[Event "OLNO 2324 SF Berlin II - SC Kreuzberg"]
[Site "?"]
[Date "2024.02.04"]
[Round "5.6"]
[White "Chatzidakis, Mihail"]
[Black "Strache, Michael"]
[Result "1/2-1/2"]
[WhiteElo "2331"]
[BlackElo "2212"]
[PlyCount "20"]
[EventDate "2024.??.??"]

1. e4 c6 2. Nf3 d5 3. exd5 cxd5 4. Ne5 Nc6 5. d4 e6 6. c3 Qc7 7. f4 Nh6 8. Bd3 f6 9. Nxc6 bxc6 10. O-O Bd6 1/2-1/2

[Event "OLNO 2324 SF Berlin II - SC Kreuzberg"]
[Site "?"]
[Date "2024.02.04"]
[Round "5.7"]
[White "Dathe, Frederick"]
[Black "Rudolf, Henrik"]
[Result "1/2-1/2"]
[WhiteElo "2195"]
[BlackElo "2283"]
[PlyCount "109"]
[EventDate "2024.??.??"]

1. c4 Nf6 2. g3 g6 3. Bg2 Bg7 4. Nc3 d6 5. e4 c5 6. Nge2 Nc6 7. d3 O-O 8. O-O Bd7 9. Rb1 a5 10. h3 Ne8 11. Be3 Nd4 12. a4 Nc7 13. f4 e5 14. Kh2 Bc6 15. f5 gxf5 16. exf5 Bxg2 17. Kxg2 d5 18. Kh2 Re8 19. cxd5 Ra6 20. g4 Nxe2 21. Qxe2 Nxd5 22. Ne4 Nf4 23. Qf3 Rc6 24. g5 Qxd3 25. Rbd1 Qc2+ 26. Rd2 Qxa4 27. Rfd1 Qb3 28. Kg3 c4 29. Rd8 Rc8 30. R8d7 Qxb2 31. Rxb7 Qc2 32. Rdd7 Rf8 33. g6 hxg6 34. fxg6 Qe2 35. gxf7+ Kh8 36. Qxe2 Nxe2+ 37. Kf2 Nd4 38. Bd2 Nb3 39. Bc3 Nc5 40. Nxc5 Rxc5 41. Rb6 Kh7 42. Re6 e4 43. Re8 Rf5+ 44. Ke2 R8xf7 45. Rxf7 Rxf7 46. Bxg7 Kxg7 47. Rxe4 Rc7 48. Kd2 a4 49. Kc3 a3 50. Re1 Kf6 51. Ra1 Rh7 52. Kxc4 Rxh3 53. Kb4 Ke5 54. Rxa3 Rxa3 55. Kxa3 1/2-1/2

[Event "OLNO 2324 SF Berlin II - SC Kreuzberg"]
[Site "?"]
[Date "2024.02.04"]
[Round "5.8"]
[White "Brettschneider, Stefan"]
[Black "Vogel, Constantin"]
[Result "1/2-1/2"]
[WhiteElo "2275"]
[BlackElo "2149"]
[PlyCount "64"]
[EventDate "2024.??.??"]

1. e4 Nf6 2. e5 Nd5 3. c4 Nb6 4. d4 d6 5. exd6 cxd6 6. Nc3 g6 7. Be3 Bg7 8. Rc1 O-O 9. b3 Bf5 10. Be2 d5 11. c5 Nc8 12. Bf3 Nc6 13. Bxd5 Nb4 14. Bc4 Qa5 15. Qd2 Rd8 16. Nd5 Be4 17. Qxb4 Qxb4+ 18. Nxb4 Bxg2 19. Nc2 Bxh1 20. f3 e5 21. dxe5 Bxe5 22. Kf2 Ne7 23. Nh3 Bxf3 24. Kxf3 Kg7 25. Nf4 Nf5 26. Bf2 Rd2 27. Nd3 Bf6 28. Ncb4 Rd8 29. Rc2 Rd1 30. Rc1 Rd2 31. Rc2 Rd1 32. Rc1 Rd2 1/2-1/2

[Event "OLNO 2324 SK König Tegel - SC Empor Pot"]
[Site "?"]
[Date "2024.02.04"]
[Round "5.6"]
[White "Eilenberg, Jonas"]
[Black "Bachmann, Volker"]
[Result "1-0"]
[WhiteElo "2299"]
[BlackElo "2068"]
[PlyCount "67"]
[EventDate "2024.??.??"]

1. d4 Nf6 2. c4 g6 3. Nc3 d5 4. Nf3 Bg7 5. Bg5 Ne4 6. Bf4 Nxc3 7. bxc3 O-O 8. e3 c5 9. cxd5 cxd4 10. cxd4 Qxd5 11. Be2 Qa5+ 12. Qd2 Qxd2+ 13. Kxd2 Rd8 14. Rhc1 Nc6 15. Rc5 Be6 16. Rb1 Rd7 17. a3 Bd5 18. Bb5 a6 19. Bxc6 Bxc6 20. Ke2 f6 21. Bg3 e6 22. Rbc1 Bf8 23. R5c3 Rad8 24. Rxc6 bxc6 25. Rxc6 Ra8 26. a4 Kf7 27. Nd2 Bb4 28. Nc4 Raa7 29. a5 Rd5 30. Bc7 Ke7 31. Nb6 Rd6 32. Bxd6+ Bxd6 33. Nc8+ Kd7 34. Nxa7 1-0

[Event "OLNO 2324 SK König Tegel - SC Empor Pot"]
[Site "?"]
[Date "2024.02.04"]
[Round "5.1"]
[White "Tschernatsch, Johannes"]
[Black "Bruedigam, Martin"]
[Result "1/2-1/2"]
[WhiteElo "2321"]
[BlackElo "2372"]
[PlyCount "67"]
[EventDate "2024.??.??"]

1. e4 c6 2. d4 d5 3. e5 Bf5 4. Nd2 e6 5. Nb3 Nd7 6. Nf3 Be4 7. Be2 c5 8. dxc5 Bxc5 9. O-O Bb6 10. Nbd2 Bxf3 11. Nxf3 Qc7 12. Bf4 Ne7 13. Rc1 Ng6 14. Bg3 Qc5 15. h4 O-O 16. Bd3 h6 17. c4 Ne7 18. Qe2 Rfc8 19. Rfd1 Nf8 20. Bf4 Neg6 21. Be3 Qe7 22. h5 Bxe3 23. Qxe3 dxc4 24. hxg6 cxd3 25. gxf7+ Qxf7 26. Qxd3 Qf4 27. Rxc8 Rxc8 28. g3 Qb4 29. Qd4 Qb5 30. b3 Rc2 31. Rd2 Rc1+ 32. Rd1 Rc2 33. Rd2 Rc1+ 34. Rd1 1/2-1/2

[Event "OLNO 2324 SK König Tegel - SC Empor Pot"]
[Site "?"]
[Date "2024.02.04"]
[Round "5.2"]
[White "Rietze, Clemens"]
[Black "Penzold, Andreas"]
[Result "1-0"]
[WhiteElo "2343"]
[BlackElo "2354"]
[PlyCount "79"]
[EventDate "2024.??.??"]

1. d4 Nf6 2. c4 g6 3. Nc3 Bg7 4. e4 d6 5. f3 O-O 6. Be3 b6 7. Bd3 Bb7 8. Nge2 c5 9. d5 Nbd7 10. Ng3 e6 11. O-O exd5 12. cxd5 a6 13. a4 Ne8 14. Qd2 Nc7 15. Rab1 Re8 16. Bg5 Bf6 17. Bh6 Bg7 18. Bg5 Bf6 19. Bh6 Bg7 20. Bxg7 Kxg7 21. f4 Qh4 22. b4 Reb8 23. bxc5 bxc5 24. Nd1 Bc8 25. Ne3 Kg8 26. Nc4 Ne8 27. Qe3 Ndf6 28. h3 Rxb1 29. Rxb1 Bd7 30. a5 Bb5 31. Nb6 Ra7 32. e5 Nd7 33. Bxb5 axb5 34. Rxb5 dxe5 35. fxe5 Nc7 36. Rb3 c4 37. Ra3 Nb5 38. Nxd7 Rxd7 39. Ne4 Re7 40. Nf6+ 1-0

[Event "OLNO 2324 SK König Tegel - SC Empor Pot"]
[Site "?"]
[Date "2024.02.04"]
[Round "5.7"]
[White "Piersig, Hans-Juergen"]
[Black "Acikel, Mert"]
[Result "1/2-1/2"]
[WhiteElo "2092"]
[BlackElo "2241"]
[PlyCount "93"]
[EventDate "2024.??.??"]

1. e4 e5 2. Nf3 Nc6 3. Bb5 a6 4. Ba4 Nf6 5. O-O d6 6. Re1 Bd7 7. c3 g6 8. d4 Bg7 9. dxe5 Nxe5 10. Nxe5 dxe5 11. Bxd7+ Qxd7 12. Qxd7+ Nxd7 13. Be3 O-O-O 14. Nd2 f5 15. f3 Nb6 16. Re2 Na4 17. Nb3 Rd3 18. Rae1 b6 19. Rc2 f4 20. Bf2 Rhd8 21. Kf1 g5 22. Ke2 h5 23. h3 Bf8 24. Rb1 a5 25. Rd2 Rxd2+ 26. Nxd2 b5 27. Nb3 Ba3 28. Nxa5 Bxb2 29. Be1 Nxc3+ 30. Bxc3 Bxc3 31. Rxb5 Rd2+ 32. Kf1 Bd4 33. Nc6 Bb6 34. Nxe5 Rf2+ 35. Ke1 Rxa2 36. Nf7 Bf2+ 37. Kf1 c5 38. e5 Kd7 39. Nxg5 Kc6 40. Rb8 Bh4 41. Ne4 Ra1+ 42. Ke2 Kd5 43. e6 Ra2+ 44. Kf1 Ra1+ 45. Ke2 Ra2+ 46. Kf1 Ra1+ 47. Ke2 1/2-1/2

[Event "OLNO 2324 SK König Tegel - SC Empor Pot"]
[Site "?"]
[Date "2024.02.04"]
[Round "5.4"]
[White "Sarbok, Torsten"]
[Black "Trenner, Rolf"]
[Result "1-0"]
[WhiteElo "2324"]
[BlackElo "2128"]
[PlyCount "105"]
[EventDate "2024.??.??"]

1. e4 e5 2. Nf3 Nc6 3. Bb5 a6 4. Ba4 Nf6 5. Qe2 Be7 6. O-O d6 7. c3 O-O 8. Rd1 Bg4 9. h3 Bxf3 10. Qxf3 Qd7 11. Bc2 d5 12. d3 Rad8 13. Nd2 b5 14. Nb3 d4 15. cxd4 Nxd4 16. Nxd4 Qxd4 17. Rb1 c5 18. Bb3 a5 19. Be3 Qd7 20. a3 a4 21. Ba2 Qc7 22. Qe2 Rd7 23. Rbc1 Rc8 24. Rd2 Qd6 25. g3 Rdc7 26. Rdc2 Nd7 27. Qf3 Qf6 28. Kg2 Qxf3+ 29. Kxf3 Bd6 30. Ke2 Kf8 31. f4 Ke7 32. Bd5 f6 33. f5 h6 34. g4 Nb6 35. Be6 Nd7 36. h4 Rc6 37. Kd2 R6c7 38. Rc3 Rc6 39. R3c2 R6c7 40. Ke2 Rc6 41. Rh1 Rh8 42. Kf3 Rc7 43. Rhh2 Nb8 44. Kg3 Nd7 45. g5 b4 46. gxh6 gxh6 47. Kf3 bxa3 48. bxa3 c4 49. Rhg2 Kf8 50. dxc4 Bxa3 51. Ra2 Bc5 52. Rxa4 Nb6 53. Ra7 1-0

[Event "OLNO 2324 SK König Tegel - SC Empor Pot"]
[Site "?"]
[Date "2024.02.04"]
[Round "5.5"]
[White "Jaeger, Uwe"]
[Black "Von Herman, Ulf"]
[Result "0-1"]
[WhiteElo "2216"]
[BlackElo "2301"]
[PlyCount "70"]
[EventDate "2024.??.??"]

1. e4 c5 2. c3 d5 3. exd5 Qxd5 4. d4 g6 5. Nf3 Bg7 6. Be3 cxd4 7. Bxd4 Nf6 8. Nbd2 O-O 9. Bc4 Qd8 10. Ne5 Qc7 11. Qb3 e6 12. O-O Nc6 13. Nxc6 bxc6 14. Nf3 a5 15. Rfd1 a4 16. Qc2 Bb7 17. Bc5 Rfd8 18. Rxd8+ Qxd8 19. Rd1 Qa5 20. Bd4 c5 21. Be5 Bxf3 22. gxf3 Nh5 23. Bxg7 Kxg7 24. Rd7 Nf6 25. Rb7 Ra7 26. Rb5 Qc7 27. Qd1 Qf4 28. Qe2 Qg5+ 29. Kf1 Nh5 30. h4 Qxh4 31. Qe5+ Kh6 32. Qe4 Nf4 33. Ke1 Rd7 34. Bf1 g5 35. Rb7 Ng2+ 0-1

[Event "OLNO 2324 SK König Tegel - SC Empor Pot"]
[Site "?"]
[Date "2024.02.04"]
[Round "5.3"]
[White "Schoene, Ralf"]
[Black "Richter, Michael"]
[Result "0-1"]
[WhiteElo "2238"]
[BlackElo "2431"]
[PlyCount "126"]
[EventDate "2024.??.??"]

1. d4 d5 2. c4 e6 3. Nc3 c6 4. e3 Nf6 5. Nf3 Nbd7 6. Qc2 Bd6 7. b3 O-O 8. Be2 b6 9. O-O Bb7 10. Bb2 Qe7 11. e4 Nxe4 12. Nxe4 dxe4 13. Qxe4 Nf6 14. Qh4 Ba3 15. Rab1 Rad8 16. Rfd1 h6 17. h3 Bxb2 18. Rxb2 c5 19. Rbd2 Bxf3 20. Bxf3 cxd4 21. Rxd4 e5 22. Rxd8 Rxd8 23. Re1 Kf8 24. Re3 Qc5 25. g4 Qd4 26. Kg2 e4 27. Be2 Re8 28. g5 hxg5 29. Qxg5 Qe5 30. Qxe5 Rxe5 31. f3 Ke7 32. b4 Kd6 33. f4 Rf5 34. Kg3 g5 35. fxg5 Rxg5+ 36. Kf2 Ke5 37. Ra3 Kd4 38. Rxa7 Rf5+ 39. Ke1 Ng8 40. c5 bxc5 41. Rd7+ Ke3 42. b5 Rf2 43. Rd2 Rg2 44. Rb2 Ne7 45. Rb3+ Kd4 46. b6 Nc6 47. b7 f5 48. b8=Q Nxb8 49. Rxb8 f4 50. a4 f3 51. Bxf3 exf3 52. Rd8+ Ke3 53. Re8+ Kf4 54. Rc8 Kg3 55. Kf1 Rf2+ 56. Kg1 Ra2 57. Rg8+ Kxh3 58. Rc8 Kg3 59. Rg8+ Kf4 60. Rc8 Ke3 61. Re8+ Kd3 62. Rf8 Rxa4 63. Rxf3+ Kd2 0-1

[Event "OLNO 2324 SK König Tegel - SC Empor Pot"]
[Site "?"]
[Date "2024.02.04"]
[Round "5.8"]
[White "Giemsa, Stephan"]
[Black "Puhlmann, Rainer"]
[Result "1-0"]
[WhiteElo "2271"]
[BlackElo "2086"]
[PlyCount "123"]
[EventDate "2024.??.??"]

1. d4 e6 2. c4 b6 3. e4 Bb7 4. Bd3 Bb4+ 5. Kf1 Be7 6. Nc3 c5 7. d5 exd5 8. exd5 Nf6 9. Nf3 d6 10. h4 Bc8 11. Qa4+ Qd7 12. Qc2 Na6 13. a3 Nc7 14. h5 h6 15. Nh4 Qg4 16. Be2 Qd7 17. Bf4 O-O 18. Re1 b5 19. b3 bxc4 20. bxc4 Re8 21. g3 Bf8 22. Ng2 Ba6 23. Ne3 Rab8 24. Kg2 Rb7 25. Rb1 Reb8 26. Rxb7 Rxb7 27. Rb1 Qc8 28. Rxb7 Qxb7 29. Ne4 Nce8 30. Nf5 Qb6 31. Nd2 Bc8 32. Ne3 Bd7 33. Qc3 a5 34. Bf3 a4 35. Qc2 Be7 36. Nd1 Qa5 37. Nc3 Nh7 38. Nde4 Ng5 39. Nxg5 hxg5 40. Bd2 Qa6 41. Qe4 Bf6 42. Nb5 Kf8 43. Be2 Qb7 44. Bd1 Bxb5 45. cxb5 Nc7 46. Bxa4 Nxb5 47. Kg1 Nc7 48. Bc6 Qa6 49. a4 Kg8 50. Qf5 Ne6 51. Bb5 Nd4 52. Bxa6 Nxf5 53. Bc4 Bd8 54. a5 Nd4 55. Kg2 f6 56. a6 Bb6 57. Ba5 Ba7 58. Bc7 Kf8 59. Bxd6+ Ke8 60. g4 f5 61. Be5 fxg4 62. Bxg7 1-0

[Event "OLNO 2324 TSG Oberschöneweide - Forster"]
[Site "?"]
[Date "2024.02.04"]
[Round "5.1"]
[White "Aliavdin, Nikolai"]
[Black "Schoewel, Matthias"]
[Result "1-0"]
[WhiteElo "2322"]
[BlackElo "2214"]
[PlyCount "55"]
[EventDate "2024.??.??"]

1. e4 e5 2. Nf3 Nc6 3. Bb5 d6 4. d4 Bd7 5. Bxc6 Bxc6 6. Nc3 Nf6 7. Qe2 exd4 8. Nxd4 Bd7 9. Be3 Be7 10. O-O-O O-O 11. f3 c5 12. Ndb5 Bxb5 13. Qxb5 Qc8 14. Bg5 a6 15. Qe2 Qe6 16. Bxf6 Bxf6 17. Nd5 Rac8 18. Kb1 b5 19. g4 Rfe8 20. h4 Rc6 21. g5 Be7 22. Rhg1 f5 23. Rge1 Bd8 24. Qd2 Rf8 25. Nf4 Qf7 26. exf5 Qxf5 27. Ne6 Re8 28. Nd4 1-0